000 01417nam a2200289 a 4500
001 64225
003 BD-RjUL
005 20211209081301.0
008 170126s1963 pk s o00| 0 eng
020 _c: PRs. 3.50
035 _a(BD-RjUL)64355
040 _aDLC
_cDLC
_dDLC
_dBD-RjUL
_beng
041 _aeng
082 _a304.609549021
_223
_bMIA 1963 (DCR)
110 _aPakistan.
_bMinistry of Home and Kashmir Affairs (Home Affairs Division).
_9186432
245 1 0 _aPopulation census of Pakistan, 1961 :
_bDistrict census report, Mianwali. Parts I-V : General description, general tables, housing tables, population tables, and village statistics /
_cPakistan. Ministry of Home and Kashmir Affairs (Home Affairs Division) ; Census organization (Pakistan) ; A. Rashid, [comp.]
246 _aDistrict census report, Mianwali :
_bParts I-V : General description, general tables, housing tables, population tables, and village statistics.
260 _aKarachi :
_bManager of publications,
_c[1963].
300 _avarious pagings :
_bIll. ;
_c25 cm.
490 _acensus, 61 ;
_vNo. 119
651 _aPakistan (West Pakistan)
_zMianwali
_vCensus, 1961
_9190734
651 _aPakistan (West Pakistan)
_zMianwali
_xPopulation
_vStatistics
_y1961
_9190735
700 _aRashid, A. , [comp.]
_9186708
710 _aCensus organization (Pakistan)
_9186435
830 _acensus, 61 ;
_vNo. 119
_9190739
942 _2ddc
_cRAR
999 _c64225
_d64225